[Event "Indian independent day : 2015 (world cup)"]
[Site "SchemingMind.com"]
[Date "2015.07.31"]
[Round "-"]
[White "Knightridar"]
[Black "William Lindberg"]
[Result "1-0"]
[WhiteCountry "IND"]
[BlackCountry "USA"]
[WhiteElo "2076"]
[WhiteRD "156"]
[BlackElo "2247"]
[BlackRD "66"]
[GameID "384046"]

1. d4 Nf6 2. c4 e6 3. Nc3 d5 4. Bg5 Be7 5. cxd5 exd5 6. e3 h6 7. Bf4 Bd6 8. Bxd6 Qxd6 9. Bd3 O-O 10. Nge2 b6
11. O-O c5 12. Nf4 c4 13. Be2 Nc6 14. b3 Ba6 15. Re1 Rac8 16. h4 Ne7 17. Qd2 Nf5 18. g3 Bb7 19. Bf1 Rcd8 20. Rac1 cxb3
21. axb3 Ne4 22. Qe2 Nxc3 23. Rxc3 Rc8 24. Rxc8 Bxc8 25. Bg2 Ne7 26. Qh5 Be6 27. Rc1 Qd7 28. Nxe6 fxe6 29. Bf1 Rc8 30. Rxc8+ Nxc8
31. Bh3 Ne7 32. Qe5 Kf7 33. Qf4+ Kg8 34. Bg4 Nc6 35. Be2 Qd8 36. Bd3 Qe7 37. h5 Qd8 38. Kg2 a5 39. Bb5 Na7 40. Be2 Nc6
41. Bd3 Qb8 42. Qg4 Qd6 43. Qg6 Qe7 44. Qh7+ Kf7 45. Bg6+ Kf6 46. Qg8 Nd8 47. g4 b5 48. Be8 a4 49. bxa4 bxa4 50. Bxa4 Kg5
51. Kh3 Kf6 52. Bc2 Nf7 53. Bg6 e5 54. Bxf7 Qxf7 55. dxe5+ Ke7 56. Qxf7+ Kxf7 57. f4 Ke6 58. Kh4 Ke7 59. g5 Kf7 60. g6+ Ke6
61. Kg4 Kd7 62. f5 Ke7 63. Kf4 Ke8 64. f6 Kf8 65. f7 Ke7 66. Kf5 d4 67. exd4 Kf8 68. e6 Ke7 69. Ke5 Kf8 70. d5 Ke7
71. d6+
1-0

[Event "Indian independent day : 2015 (world cup)"]
[Site "SchemingMind.com"]
[Date "2015.07.30"]
[Round "-"]
[White "David Perna-Fraser"]
[Black "PinkPanther"]
[Result "1-0"]
[WhiteCountry "CAN"]
[BlackCountry "CRO"]
[WhiteElo "2312"]
[WhiteRD "61"]
[BlackElo "1676"]
[BlackRD "110"]
[GameID "384047"]

1. e4 c6 2. d4 d5 3. Nc3 dxe4 4. Nxe4 Bf5 5. Ng3 Bg6 6. Nf3 Nd7 7. Bd3 e6 8. O-O Ngf6 9. Re1 Be7 10. Qe2 Bxd3
11. Qxd3 O-O 12. c4 Qc7 13. Bd2 Rfe8 14. b4 Rad8 15. Rad1 b6 16. Qe2 Nf8 17. Ne4
1-0

[Event "Indian independent day : 2015 (world cup)"]
[Site "SchemingMind.com"]
[Date "2015.07.30"]
[Round "-"]
[White "PinkPanther"]
[Black "David Perna-Fraser"]
[Result "0-1"]
[WhiteCountry "CRO"]
[BlackCountry "CAN"]
[WhiteElo "1676"]
[WhiteRD "110"]
[BlackElo "2312"]
[BlackRD "61"]
[GameID "384048"]

1. Nf3 f5 2. d3 Nf6 3. e4 fxe4 4. dxe4 Nxe4 5. Bd3 d5 6. Bxe4 dxe4 7. Qxd8+ Kxd8 8. Ng5 Ke8 9. Nc3 Bf5 10. Bf4 Nc6
11. Bxc7 Rc8 12. Bf4 e5 13. Be3 Bb4 14. Bd2 Bxc3 15. Bxc3 h6 16. Nh3 b5 17. a3 Nd4
0-1

[Event "Indian independent day : 2015 (world cup)"]
[Site "SchemingMind.com"]
[Date "2015.09.22"]
[Round "-"]
[White "Robert Bruce"]
[Black "Yos"]
[Result "0-1"]
[WhiteCountry "SCO"]
[BlackCountry "INA"]
[WhiteElo "2209"]
[WhiteRD "67"]
[BlackElo "2325"]
[BlackRD "70"]
[GameID "387765"]

1. f4 c5 2. Nf3 Nc6 3. e3 e6 4. b3 Nf6 5. Bb2 b6 6. Bd3 Bb7 7. O-O Be7 8. Nc3 Nb4 9. Be2 O-O 10. a3 Nc6
11. Bd3 d5 12. Qe1 Na5 13. Be2 a6 14. Na2 Ne4 15. d3 Nd6 16. Qf2 Nc6 17. Rab1 d4 18. e4 f5 19. e5 Nb5 20. Rbc1 Rf7
21. Qg3 g6 22. Rce1 Nc7 23. Bd1 Rg7 24. Qh3 Nd5 25. Bc1 b5 26. Kh1 a5 27. Qh6 a4 28. bxa4 Rxa4 29. Ng5 Bxg5 30. Qxg5 Ra8
31. Rf2 Qxg5 32. fxg5 Rc7 33. Kg1 b4 34. a4 Nc3 35. Nxc3 bxc3 36. Ba3 Ne7 37. Bc1 Rxa4 38. g3 Ra1 39. Bf4 Bc6 40. h3 Rca7
41. Ref1 R7a2 42. Rh2 Nd5 43. Rhf2 Kf7 44. h4 Ba4 45. h5 Nb4 46. g4 Bxc2 47. Bxc2 Rxf1+ 48. Kxf1 Nxc2 49. hxg6+ Kxg6 50. gxf5+ Kxf5
51. Bc1+ Kxe5 52. Re2+ Kd5 53. Kf2 Nb4 54. Rxa2 Nxa2 55. g6 hxg6
0-1

[Event "Indian independent day : 2015 (world cup)"]
[Site "SchemingMind.com"]
[Date "2015.09.22"]
[Round "-"]
[White "Yos"]
[Black "Robert Bruce"]
[Result "1-0"]
[WhiteCountry "INA"]
[BlackCountry "SCO"]
[WhiteElo "2325"]
[WhiteRD "70"]
[BlackElo "2209"]
[BlackRD "67"]
[GameID "387766"]

1. c4 f5 2. Nc3 Nf6 3. Nf3 g6 4. d4 Bg7 5. g3 O-O 6. Bg2 c6 7. O-O d6 8. Rb1 Kh8 9. b3 Na6 10. Bb2 Bd7
11. e3 Ne4 12. Qc2 Nb4 13. Qe2 Qa5 14. a3 Na6 15. Qc2 Qc7 16. b4 Bf6 17. Rfc1 Rac8 18. Ne1 Nxc3 19. Bxc3 e5 20. b5 Nb8
21. c5 cxb5 22. cxd6 Qxd6 23. Bxb7 exd4 24. Bxc8 dxc3 25. Rd1 Qc6 26. Bxd7 Nxd7 27. Qd3 Ne5 28. Qd6 Qxd6 29. Rxd6 Nc4 30. Ra6 Nb2
31. Rxa7 Rd8 32. Rf7 Be5 33. Rc1 Ra8 34. Rb7 Rxa3 35. Rxb5 Bf6 36. Nc2 Ra4 37. Ra1 Rxa1+ 38. Nxa1 Kg8 39. Kf1 Nc4 40. Rc5 Nd2+
41. Ke2 Kf7 42. Rc7+ Ke6 43. Nc2 Nb3 44. Kd3 Kd6 45. Rxh7 Nc5+ 46. Kc4 Ne4 47. f4 Nf2 48. Ra7 Ng4 49. h3 Nf2 50. g4 fxg4
51. hxg4 g5 52. fxg5 Bxg5 53. Ra5 Nh3 54. Kxc3 Bd8 55. Rf5 Ng5 56. Kc4 Kd7 57. Kd5 Ne6 58. Nd4 Nc7+ 59. Ke5
1-0

[Event "Indian independent day : 2015 (world cup)"]
[Site "SchemingMind.com"]
[Date "2015.09.28"]
[Round "-"]
[White "chesshub"]
[Black "frankly"]
[Result "1-0"]
[WhiteCountry "FRA"]
[BlackCountry "ENG"]
[WhiteElo "2538"]
[WhiteRD "80"]
[BlackElo "2473"]
[BlackRD "55"]
[GameID "387860"]

1. c4 Nf6 2. Nf3 e6 3. Nc3 Bb4 4. Qc2 O-O 5. a3 Bxc3 6. Qxc3 h6 7. d3 d5 8. g4 Nc6 9. g5 hxg5 10. Bxg5 d4
11. Qd2 e5 12. Rg1 Re8 13. e4 dxe3 14. fxe3 e4 15. Qc3 Kf8 16. Nh4 Re5 17. O-O-O Qe7 18. d4 Rxg5 19. Rxg5 Ng4 20. Rh5 g6
21. Rh7 Qf6 22. Be2 Nf2 23. Rf1 Kg8 24. Nxg6 Kxh7 25. Nf4 Nxd4 26. Kb1 Qe5 27. Rxf2 Nf3 28. Bxf3 Qxc3 29. Bxe4+ f5 30. bxc3 fxe4
31. Nd5 Kg6 32. Nxc7 Rb8 33. Rf8 b6 34. Kc2 Kg5 35. Rd8 Kg4 36. Nb5
1-0

[Event "Indian independent day : 2015 (world cup)"]
[Site "SchemingMind.com"]
[Date "2015.09.24"]
[Round "-"]
[White "frankly"]
[Black "chesshub"]
[Result "1/2-1/2"]
[WhiteCountry "ENG"]
[BlackCountry "FRA"]
[WhiteElo "2473"]
[WhiteRD "55"]
[BlackElo "2538"]
[BlackRD "80"]
[GameID "387861"]

1. d4 Nf6 2. Nf3 g6 3. c4 Bg7 4. g3 O-O 5. Bg2 d6 6. O-O Nc6 7. Nc3 a6 8. d5 Na5 9. b3 Rb8 10. Bd2 c5
11. dxc6 Nxc6 12. Rc1 Bd7 13. Nd5 Nxd5 14. cxd5 Ne5 15. Nxe5 Bxe5 16. Bh6 Re8 17. Qd2 a5 18. Be3 b5 19. Bf3 b4 20. Bd4 Bxd4
21. Qxd4 h5 22. Qe3 Kg7 23. h4 Bb5 24. Qd4+ f6 25. Rc2 Qb6 26. Qd2 Rbc8 27. Rfc1 Rxc2 28. Rxc2 Ra8 29. Qf4 Ra7 30. Qc1 Ra8
31. Bg2 Bd7 32. Be4 Qd4 33. Bd3 Qxd5 34. Rc7 Qe6 35. a4 bxa3 36. Qxa3 a4 37. bxa4 Rxa4 38. Qb2 d5 39. Qb7 Ra1+ 40. Kg2=
1/2-1/2

[Event "Indian independent day : 2015 (world cup)"]
[Site "SchemingMind.com"]
[Date "2015.10.02"]
[Round "-"]
[White "Jari Laine"]
[Black "LaykovD"]
[Result "1/2-1/2"]
[WhiteCountry "FIN"]
[BlackCountry "RUS"]
[WhiteElo "2277"]
[WhiteRD "90"]
[BlackElo "2192"]
[BlackRD "186"]
[GameID "388085"]

1. e4 e5 2. Nf3 Nf6 3. Nc3 Nc6 4. d4 exd4 5. Nxd4 Bb4 6. Nxc6 bxc6 7. Bd3 O-O 8. O-O d5 9. exd5 cxd5 10. Bg5 c6
11. Qf3 Bd6 12. h3 h6 13. Bf4 Be6 14. Rfe1 Re8 15. Ne2 Bxf4 16. Nxf4 Bd7 17. Rxe8+ Qxe8 18. c4 Rb8 19. b3 Qe5 20. Rd1 g5
21. Nh5 Nxh5 22. Qxh5 Kg7 23. cxd5 cxd5 24. h4 Rh8 25. Qe2 Qxe2 26. Bxe2 Be6 27. hxg5 hxg5 28. Ba6 Kf6 29. Rc1 d4 30. f3 Rd8
31. Kf2 Rd5 32. Bd3 Ra5 33. Bb1 Ke5 34. Rc2 Kd5 35. Rc4 Ke5 36. Rc6 Bd7 37. Rc2 f6 38. Rc7 Be6 39. Ke1 Kd6 40. Rb7=
1/2-1/2

[Event "Indian independent day : 2015 (world cup)"]
[Site "SchemingMind.com"]
[Date "2015.10.02"]
[Round "-"]
[White "LaykovD"]
[Black "Jari Laine"]
[Result "1-0"]
[WhiteCountry "RUS"]
[BlackCountry "FIN"]
[WhiteElo "2289"]
[WhiteRD "164"]
[BlackElo "2209"]
[BlackRD "91"]
[GameID "388086"]

1. e4 c6 2. d4 d5 3. exd5 cxd5 4. Nf3 Nf6 5. Nc3 Bg4 6. Qd3 Nc6 7. Ne5 e6 8. Nxg4 Nxg4 9. Be2 Nf6 10. O-O Bd6
11. Nb5 Be7 12. Be3 a6 13. Nc3 Rc8 14. Rfe1 O-O 15. a3 Bd6 16. g3 Qc7 17. Bg5 Ne8 18. Nd1 h6 19. Bd2 Qb6 20. c3 Nf6
21. b4 Ne4 22. Bf3 f5 23. Bg2 Kh8 24. Bc1 Nd8 25. Ra2 Qc6 26. Rc2 Bb8 27. Nb2 b5 28. f3 Nf6 29. Bh3 Nd7 30. Qd1 f4
31. Kg2 fxg3 32. hxg3 Rf6 33. Nd3 Nf8 34. Nc5 a5 35. f4 a4 36. Rce2 Bd6 37. Qd3 Rc7 38. Bg4 Be7 39. Re3 Kg8 40. Be2 Bxc5=
41. bxc5 Rb7 42. Bd2 Rb8 43. Rb1 Rf7 44. Rxb5
1-0

[Event "Indian independent day : 2015 (world cup)"]
[Site "SchemingMind.com"]
[Date "2015.09.29"]
[Round "-"]
[White "David Perna-Fraser"]
[Black "William Lindberg"]
[Result "0-1"]
[WhiteCountry "CAN"]
[BlackCountry "USA"]
[WhiteElo "2318"]
[WhiteRD "63"]
[BlackElo "2270"]
[BlackRD "67"]
[GameID "388095"]

1. e4 e5 2. Nf3 Nc6 3. Bc4 Nf6 4. d4 exd4 5. e5 d5 6. Bb5 Ne4 7. Nxd4 Bd7 8. Bxc6 bxc6 9. O-O Bc5 10. Be3 Qe7
11. Re1 O-O 12. f3 Ng5 13. Nc3 Ne6 14. Qd2 Nxd4 15. Bxd4 Bb6 16. a3 Rfd8 17. Bf2 Qh4 18. Re2 Re8 19. Rae1 Re6 20. g3 Qh5
21. Bxb6 axb6 22. Re3 Rae8 23. f4 Rh6 24. R1e2 Bf5 25. b4 Rd8 26. a4 Re6 27. a5 Ree8 28. Nd1 d4 29. Ra3 bxa5 30. bxa5 c5
31. a6 c4 32. a7 Bxc2 33. Re1 Qg6 34. Ne3 Be4 35. Nxc4 Ba8 36. e6 Rxe6 37. Ne5 Qf6 38. Qb4 Ree8 39. Qb5 Qf5 40. Qd3 Qf6
41. Qb5 h5 42. Kf2 Qf5 43. Qd3 Qh3 44. Nf3 Rxe1 45. Kxe1 Qg2 46. Qe2 Qh1+ 47. Kf2 Qc1 48. Ra2 c5 49. Rc2 Qa1 50. Ra2 Qc3
51. Rc2 Qa3 52. Ra2 Qc1 53. Rc2 Qh1 54. Rxc5 d3 55. Qe3 Bxf3 56. Qxf3 Qa1 57. a8=Q Rxa8 58. Qxd3 Qh1 59. Ra5 Qxh2+ 60. Kf3 Qh1+
61. Kf2 Rc8 62. Rb5 Rc2+
0-1

[Event "Indian independent day : 2015 (world cup)"]
[Site "SchemingMind.com"]
[Date "2015.09.29"]
[Round "-"]
[White "William Lindberg"]
[Black "David Perna-Fraser"]
[Result "0-1"]
[WhiteCountry "USA"]
[BlackCountry "CAN"]
[WhiteElo "2270"]
[WhiteRD "67"]
[BlackElo "2318"]
[BlackRD "63"]
[GameID "388096"]

1. e4 e5 2. Nf3 Nf6 3. Nc3 Nc6 4. Bc4 Nxe4 5. O-O Nxc3 6. bxc3 e4 7. Re1 d5 8. Bb5 Bd6 9. d3 O-O 10. dxe4 dxe4
11. Nd2 f5 12. Bc4+ Kh8 13. Qh5 Ne5 14. h3 Qf6 15. Bb3 Bd7 16. Nf1 Ng6 17. Bg5 Qxc3 18. Rad1 Qe5 19. Be3 Nf4 20. Qg5 Ne6
21. Bxe6 Qxe6 22. Bf4 Bb4 23. Re3 Ba4 24. Rg3 Rf7 25. Rd8+ Rxd8 26. Qxd8+ Bf8 27. Bxc7 Bxc2 28. Rc3 Ba4 29. Bb8 a6 30. Qc8 Qxc8
31. Rxc8 Kg8 32. Bd6 g6 33. Ne3 Kg7 34. Be5+ Kh6 35. Nc4 Bd7 36. Rd8 Be6 37. Bf4+ g5 38. Ne5 Rf6 39. Be3 Bb4 40. a4 Rf8
41. Rd4 Bc5 42. Rd2 Rc8 43. Rd1 f4 44. Bxc5 Rxc5 45. Ng4+ Bxg4 46. hxg4 Rc4 47. a5 Ra4 48. Rb1 Rxa5 49. Rb6+ Kg7 50. Rxb7+ Kf6
51. Kf1 Ra1+ 52. Ke2 Ra2+ 53. Ke1 e3 54. fxe3 fxe3 55. Rxh7 Ke5 56. Rf7 Rf2 57. Ra7 Rxg2 58. Rxa6 Rxg4 59. Ra5+ Ke4 60. Rc5 Kf4
61. Ke2 Rg2+ 62. Ke1 g4 63. Rc8 Rh2 64. Rf8+ Kg3 65. Re8 Kf3 66. Rf8+ Kg2 67. Re8 g3 68. Rxe3 Rh8 69. Rb3 Kh2 70. Rb1 g2
71. Kf2 Rf8+ 72. Ke2 g1=Q 73. Rxg1 Kxg1 74. Ke3 Rd8 75. Ke2 Rd4 76. Ke3 Ra4 77. Kf3 Kf1 78. Ke3 Kg2 79. Kd3 Kf3 80. Kc3 Ke3
81. Kb3 Rd4 82. Kc3 Rh4 83. Kc2 Kd4 84. Kd2 Rh2+
0-1

[Event "Indian independent day : 2015 (world cup)"]
[Site "SchemingMind.com"]
[Date "2015.10.20"]
[Round "-"]
[White "dadshane2000"]
[Black "DrozdM"]
[Result "0-1"]
[WhiteCountry "USA"]
[BlackCountry "RUS"]
[WhiteElo "1943"]
[WhiteRD "87"]
[BlackElo "2248"]
[BlackRD "150"]
[GameID "388793"]

1. e4 e5 2. Nf3 Nf6 3. Bc4 Nxe4 4. Nc3 Nd6 5. Bb3 e4 6. Qe2 Qe7 7. Nd4 Nc6 8. Nxc6 dxc6 9. d3 exd3 10. Qxe7+ Bxe7
11. cxd3 Bf5 12. d4 O-O-O 13. O-O Bf6 14. d5 c5 15. Be3 b6 16. Ba4 Kb8 17. Rac1 Nc4 18. b3 Nb2 19. Bc6 Nd3 20. Rc2 Nb4
21. Rcc1 h5 22. a3 Nxc6 23. dxc6 Rd3 24. Na4 Rxb3 25. Bxc5 bxc5 26. Nxc5 Rxa3 27. Nd7+ Bxd7 28. cxd7 Ra6
0-1

[Event "Indian independent day : 2015 (world cup)"]
[Site "SchemingMind.com"]
[Date "2015.10.20"]
[Round "-"]
[White "DrozdM"]
[Black "dadshane2000"]
[Result "1-0"]
[WhiteCountry "RUS"]
[BlackCountry "USA"]
[WhiteElo "2248"]
[WhiteRD "150"]
[BlackElo "1943"]
[BlackRD "87"]
[GameID "388794"]

1. Nf3 c5 2. e4 d6 3. d4 cxd4 4. Nxd4 Nf6 5. Nc3 Bd7 6. Be3 Ng4 7. Bg5 h6 8. Bc1 Nc6 9. Nxc6 bxc6 10. Be2 Ne5
11. f4 Ng6 12. Be3 e6 13. O-O Be7 14. Qd2 O-O 15. Rad1 Qc8 16. Bc5 d5 17. Na4 e5 18. Bxe7 Nxe7 19. fxe5 Bg4 20. Bxg4 Qxg4
21. Nc5 dxe4 22. Rf4 Qg5 23. Rxe4 Qg6 24. Qe2 Nd5 25. c4 Nb6 26. Rg4 Qh7 27. Ne4 Qf5 28. Nf6+ Kh8 29. Rf1 Qe6 30. Qe4 g6
31. Rxg6 fxg6 32. Qxg6 Rxf6 33. Rxf6 Qxe5 34. Qxh6+ Kg8 35. Rg6+ Kf7 36. Qh7+
1-0

[Event "Indian independent day : 2015 (world cup)"]
[Site "SchemingMind.com"]
[Date "2015.12.07"]
[Round "-"]
[White "Helga1946"]
[Black "Ramesh Panwar"]
[Result "1/2-1/2"]
[WhiteCountry "GER"]
[BlackCountry "IND"]
[WhiteElo "2295"]
[WhiteRD "70"]
[BlackElo "2412"]
[BlackRD "67"]
[GameID "391312"]

1. e4 e5 2. Nf3 Nc6 3. Bb5 a6 4. Ba4 Nf6 5. O-O Be7 6. Nc3 b5 7. Bb3 O-O 8. d3 d6 9. Nd5 Nxd5 10. Bxd5 Bd7
11. a4 b4 12. d4 exd4 13. Nxd4 Qe8 14. Be3 Rb8 15. Nxc6 Bxc6 16. Re1 Bxa4 17. Ba7 Rc8 18. Bb7 Rd8 19. b3 Bb5 20. Bd4 Qd7
21. Bxa6 Rfe8 22. c4 Bxa6 23. Rxa6 c5 24. Bb2 Ra8 25. Ra1=
1/2-1/2

[Event "Indian independent day : 2015 (world cup)"]
[Site "SchemingMind.com"]
[Date "2015.12.07"]
[Round "-"]
[White "Ramesh Panwar"]
[Black "Helga1946"]
[Result "1/2-1/2"]
[WhiteCountry "IND"]
[BlackCountry "GER"]
[WhiteElo "2412"]
[WhiteRD "67"]
[BlackElo "2295"]
[BlackRD "70"]
[GameID "391313"]

1. c4 e5 2. Nc3 Nf6 3. Nf3 Nc6 4. g3 Bb4 5. Bg2 d6 6. O-O O-O 7. d3 h6 8. Bd2 Bc5 9. a3 a6 10. e3 Ba7
11. Qc2 Be6 12. b4 Qd7 13. Rfb1 Rfe8 14. a4 Ne7 15. Rb2 Bg4 16. Qb1 c6 17. b5 Qe6 18. Qf1 d5 19. cxd5 cxd5 20. h3 Bh5
21. a5 e4 22. Ne1 Bg6 23. d4 Nf5 24. bxa6 bxa6 25. Nc2=
1/2-1/2

[Event "Indian independent day : 2015 (world cup)"]
[Site "SchemingMind.com"]
[Date "2015.12.12"]
[Round "-"]
[White "Erik Johnson"]
[Black "DemidovL"]
[Result "0-1"]
[WhiteCountry "USA"]
[BlackCountry "RUS"]
[WhiteElo "1598"]
[WhiteRD "65"]
[BlackElo "2208"]
[BlackRD "127"]
[GameID "391646"]

1. e4 e5 2. Nf3 Nf6 3. Nc3 Nc6 4. Bb5 Bd6 5. d4 exd4 6. Nxd4 O-O 7. Bg5 Be5 8. Nf3 Bxc3+ 9. bxc3 h6 10. Bh4 g5
11. Bg3 Nxe4 12. Qd3 Nc5 13. Qc4 Re8+ 14. Kd1 d6 15. Re1 Rxe1+ 16. Kxe1 Be6 17. Qe2 Qf6 18. Kf1 Qxc3 19. Rb1 g4 20. Ne1 Nd4
21. Qd1 Nxb5 22. Rxb5 Bc4+
0-1

[Event "Indian independent day : 2015 (world cup)"]
[Site "SchemingMind.com"]
[Date "2015.12.12"]
[Round "-"]
[White "DemidovL"]
[Black "Erik Johnson"]
[Result "1-0"]
[WhiteCountry "RUS"]
[BlackCountry "USA"]
[WhiteElo "2208"]
[WhiteRD "127"]
[BlackElo "1598"]
[BlackRD "65"]
[GameID "391647"]

1. c4 e5 2. Nc3 Nf6 3. Nf3 Nc6 4. d4 e4 5. Nd2 Bb4 6. e3 d6 7. Nd5 Nxd5 8. cxd5 Ne7 9. Qa4+ c6 10. Qxb4 Nxd5
11. Qb3 Qe7 12. Bc4 O-O 13. Bxd5 cxd5 14. Qxd5 Qe6 15. Qxe6 fxe6 16. Nxe4 Rd8 17. b3 b6 18. Ba3 d5 19. Nd6 Ba6 20. f3 Rab8
21. Kd2 b5 22. Bb4 Rb6 23. Rhc1 Rbxd6 24. Bxd6 Rxd6 25. Rc7 b4 26. Rac1 h5 27. Rxa7 Bb5 28. Rcc7 g5 29. Rc8+
1-0

[Event "Indian independent day : 2015 (world cup)"]
[Site "SchemingMind.com"]
[Date "2015.12.12"]
[Round "-"]
[White "emvarela"]
[Black "Dan Geana"]
[Result "0-1"]
[WhiteCountry "ARG"]
[BlackCountry "ROU"]
[WhiteElo "1720"]
[WhiteRD "49"]
[BlackElo "2531"]
[BlackRD "113"]
[GameID "391839"]

1. e4 e5 2. Nf3 Nc6 3. Bb5 a6 4. Bxc6 dxc6 5. O-O f6 6. d4 exd4 7. Nxd4 c5 8. Nb3 Qxd1 9. Rxd1 Bd6 10. Nc3 Be6
11. Be3 b6 12. Nd5 O-O-O 13. c4 Kb7 14. Rac1 Ne7 15. Nxe7 Bxe7 16. Nd2 Rd7 17. Nf3 Rxd1+ 18. Rxd1 Bxc4 19. b3 Be6 20. h3 a5
21. e5 a4 22. exf6 Bxf6 23. Nd2 axb3 24. Nxb3 c4 25. Nd2 Ra8 26. Ne4 Bb2 27. Bd4 Rd8 28. Ng5 Bxd4
0-1

[Event "Indian independent day : 2015 (world cup)"]
[Site "SchemingMind.com"]
[Date "2015.12.13"]
[Round "-"]
[White "Dan Geana"]
[Black "emvarela"]
[Result "1-0"]
[WhiteCountry "ROU"]
[BlackCountry "ARG"]
[WhiteElo "2531"]
[WhiteRD "113"]
[BlackElo "1720"]
[BlackRD "49"]
[GameID "391840"]

1. Nf3 d5 2. d4 Nf6 3. c4 c6 4. Nc3 dxc4 5. a4 Bg4 6. Ne5 Bh5 7. f3 Nd5 8. e4 Nxc3 9. bxc3 e6 10. Bxc4 Nd7
11. Nd3 Nb6 12. Ba2 Be7 13. h4 Qc7 14. Nf4 Bg6 15. h5 O-O-O 16. hxg6 hxg6 17. Kf2 g5 18. Rxh8 Rxh8 19. Nd3 g4 20. f4 Bh4+
21. g3 Be7 22. Qxg4 g6 23. Ne5 Rf8 24. Nxf7
1-0

[Event "Indian independent day : 2015 (world cup)"]
[Site "SchemingMind.com"]
[Date "2016.01.12"]
[Round "-"]
[White "Helga1946"]
[Black "Yos"]
[Result "1/2-1/2"]
[WhiteCountry "GER"]
[BlackCountry "INA"]
[WhiteElo "2336"]
[WhiteRD "71"]
[BlackElo "2398"]
[BlackRD "79"]
[GameID "393406"]

1. e4 c5 2. Nf3 Nc6 3. Bb5 g6 4. d3 Bg7 5. Bxc6 bxc6 6. O-O Nh6 7. Qe2 O-O 8. Nbd2 d6 9. Re1 Re8 10. e5 Be6
11. Ng5 Bf5 12. e6 Qc8 13. Nc4 fxe6 14. Nxe6 Qxe6 15. Qxe6+ Bxe6 16. Rxe6 Nf7 17. Re2 a5 18. a4 d5 19. Nd2 Nd6 20. Rb1 Nf5
21. Nb3 c4 22. dxc4 dxc4 23. Nd2 c3 24. bxc3 Bxc3 25. Nb3 c5 26. Bd2 Bxd2 27. Rxd2 c4 28. Nc5 Rab8 29. Re1=
1/2-1/2

[Event "Indian independent day : 2015 (world cup)"]
[Site "SchemingMind.com"]
[Date "2016.01.12"]
[Round "-"]
[White "Yos"]
[Black "Helga1946"]
[Result "1-0"]
[WhiteCountry "INA"]
[BlackCountry "GER"]
[WhiteElo "2398"]
[WhiteRD "79"]
[BlackElo "2336"]
[BlackRD "71"]
[GameID "393407"]

1. c4 e5 2. Nc3 Nf6 3. g3 Nc6 4. Bg2 Bc5 5. e3 d6 6. Nge2 O-O 7. d4 Bb6 8. O-O Bf5 9. h3 h6 10. g4 Bh7
11. f4 Qe7 12. f5 a5 13. b3 Rfc8 14. a3 Re8 15. Ra2 Rad8 16. d5 Nb8 17. Ng3 Na6 18. Na4 Ba7 19. Qe1 Bb6 20. Nxb6 cxb6
21. e4 a4 22. b4 Rc8 23. Qe2 Rc7 24. h4 Rec8 25. g5 Ne8 26. f6 Qd8 27. fxg7 Rxc4 28. Be3 Rc3 29. Rxf7 Kxf7 30. Qg4 Nxg7
31. gxh6
1-0

[Event "Indian independent day : 2015 (world cup)"]
[Site "SchemingMind.com"]
[Date "2016.01.20"]
[Round "-"]
[White "David Perna-Fraser"]
[Black "DemidovL"]
[Result "1/2-1/2"]
[WhiteCountry "CAN"]
[BlackCountry "RUS"]
[WhiteElo "2330"]
[WhiteRD "64"]
[BlackElo "2290"]
[BlackRD "117"]
[GameID "393837"]

1. e4 e5 2. Nf3 Nf6 3. Nxe5 d6 4. Nf3 Nxe4 5. Nc3 Nxc3 6. dxc3 Be7 7. Bf4 O-O 8. Qd2 Nd7 9. O-O-O Nc5 10. h4 Bd7
11. Be3 b6 12. Bc4 c6 13. h5 h6 14. Bxh6 gxh6 15. Qxh6 d5 16. Bxd5 cxd5 17. Rxd5 Qc7 18. Rd4 Rfe8 19. Ng5 Bxg5+ 20. Qxg5+ Kf8
21. Qh6+ Kg8 22. Rhh4 f5 23. Qg6+ Kh8 24. Qh6+=
1/2-1/2

[Event "Indian independent day : 2015 (world cup)"]
[Site "SchemingMind.com"]
[Date "2016.01.20"]
[Round "-"]
[White "DemidovL"]
[Black "David Perna-Fraser"]
[Result "1/2-1/2"]
[WhiteCountry "RUS"]
[BlackCountry "CAN"]
[WhiteElo "2219"]
[WhiteRD "102"]
[BlackElo "2334"]
[BlackRD "67"]
[GameID "393838"]

1. e4 e5 2. Nf3 Nf6 3. Nxe5 d6 4. Nf3 Nxe4 5. d4 d5 6. Bd3 Bd6 7. O-O O-O 8. c4 c6 9. Re1 Re8 10. Nc3 Nxc3
11. bxc3 Rxe1+ 12. Qxe1 h6 13. c5 Bc7 14. Ne5 Nd7 15. f4 Nxe5 16. fxe5 Be6 17. Qg3 Kh8 18. a4 b6 19. Ba3 Qd7 20. Rf1 Qe8
21. cxb6 axb6 22. Bc2 Bd8 23. Bd6 Ra5 24. Qd3 Qg8 25. Qf3 Qe8 26. Qe3 Qg8 27. Qf3 Qe8 28. Qe3 Qg8=
1/2-1/2

[Event "Indian independent day : 2015 (world cup)"]
[Site "SchemingMind.com"]
[Date "2016.03.01"]
[Round "-"]
[White "Dan Geana"]
[Black "chesshub"]
[Result "1/2-1/2"]
[WhiteCountry "ROU"]
[BlackCountry "FRA"]
[WhiteElo "2537"]
[WhiteRD "116"]
[BlackElo "2547"]
[BlackRD "85"]
[GameID "395900"]

1. e4 c5 2. Nc3 Nc6 3. f4 g6 4. Nf3 Bg7 5. Bb5 Nd4 6. O-O Nxb5 7. Nxb5 d6 8. d3 Nf6 9. Qe1 O-O 10. a4 Bd7
11. c4 Ne8 12. Nc3 Nc7 13. Be3 f5 14. a5 b5 15. axb6 axb6 16. Rxa8 Qxa8 17. Qh4 Bf6 18. Ng5 Rf7 19. Qf2 Bxg5 20. fxg5 Qf8
21. Nd5 fxe4 22. Qxf7+ Qxf7 23. Rxf7 Nxd5 24. cxd5 Kxf7 25. dxe4 e6 26. Kf2 b5 27. dxe6+ Kxe6 28. Kf3 b4 29. Kf4 Bb5 30. g3 Bd3
31. Bf2 Kd7 32. Ke3 Bf1 33. Be1 Kc6 34. Bd2 Kb5 35. Kf2 Bd3 36. Bf4 Bxe4 37. Bxd6 Kc4 38. Ke3 Bc6 39. Kd2 Kd5 40. Be7 Ba4
41. Kd3 Bb3 42. Ke3 Bc4 43. Kd2 Ba6 44. Kc2 Kc4 45. Kd2 Kb5 46. b3 Bc8 47. Bf6=
1/2-1/2

[Event "Indian independent day : 2015 (world cup)"]
[Site "SchemingMind.com"]
[Date "2016.03.01"]
[Round "-"]
[White "chesshub"]
[Black "Dan Geana"]
[Result "1-0"]
[WhiteCountry "FRA"]
[BlackCountry "ROU"]
[WhiteElo "2548"]
[WhiteRD "80"]
[BlackElo "2522"]
[BlackRD "116"]
[GameID "395901"]

1. e4 e5 2. Nf3 Nc6 3. Bb5 a6 4. Ba4 Nf6 5. O-O Be7 6. Re1 b5 7. Bb3 d6 8. c3 O-O 9. h3 Bb7 10. d4 Re8
11. Nbd2 Bf8 12. a4 h6 13. Bc2 exd4 14. cxd4 Nb4 15. Bb1 c5 16. d5 Nd7 17. Ra3 f5 18. Nh2 Qe7 19. Nhf3 bxa4 20. Qxa4 Qf7
21. Rae3 Nf6 22. Nh4 fxe4 23. Nxe4 Nxe4 24. Bxe4 Rxe4 25. Rxe4 Nd3 26. Rf1 Bxd5 27. Rg4 Ne5 28. Rg3 Rb8 29. Qd1 Bc4 30. Re1 Qf6
31. Nf3 Nd3 32. Re3 Nxc1 33. Qxc1 Bf7 34. b3 Rb4 35. Qa3 a5 36. Qxa5 Qb2 37. Nh2 Qb1+ 38. Nf1 Rxb3 39. Re1 Rb5 40. Rxb1 Rxa5
41. Ne3 Ra8 42. Nf5 Kh7 43. Rb7 Bg6 44. Ne7 Be4 45. Rd7 c4 46. Re3 d5 47. Nxd5 Bf5 48. Rb7 Ra1+ 49. Kh2 Bc8 50. Rf7 Bd6+
51. g3 Kg6 52. Rfe7 Kh7 53. Re1 Ra5 54. Nf6+ Kg6 55. Re8 Bf5 56. Ng4 Bb4 57. Rc1 c3 58. Ne3 Rc5 59. Nxf5 Kxf5 60. Kg2 Ba3
61. Rc2 g5 62. g4+ Kf6 63. Kf3 Rc7 64. Ke4 Kf7 65. Ra8 Be7 66. Kd3 Bf6 67. Rca2 Rd7+ 68. Ke2 Bd4 69. f3 Kg6 70. R8a6+ Kh7
71. Rc6 Re7+ 72. Kd3 Rd7 73. Ra4 Bg7+ 74. Ke3 Re7+ 75. Re4 Rb7 76. Rc5 Kg6 77. Rec4 Re7+ 78. Kf2 Rd7 79. Rc7 Rd2+ 80. Kf1 Be5
81. R4c6+ Bf6 82. Kg1 Rd1+ 83. Kf2 Rh1 84. Kg2 Rd1 85. Ra6 Rd2+ 86. Kg1 c2 87. Rac6 c1=Q+ 88. Rxc1 Bd4+ 89. Kh1 Kf6 90. R1c2 Rd1+
91. Kg2 Rg1+ 92. Kh2 Rb1 93. R2c6+ Ke5 94. Re7+ Kd5 95. Rc2 Be5+ 96. Kg2 Bf4 97. Rd7+ Ke6 98. Rh7 Kf6 99. Rxh6+ Kg7 100. Ra6 Rb7
101. Rca2 Be3 102. R6a3 Bd4 103. f4 gxf4 104. Kf3
1-0